Women in Eighteenth Century Oriya Literature / (Record no. 208652)

MARC details
000 -LEADER
fixed length control field 00515nam a2200181 4500
005 - DATE AND TIME OF LATEST TRANSACTION
control field 20250121123747.0
010 ## - LCCN (DPL NO)
LC control number ENG-143462
020 ## - INTERNATIONAL STANDARD BOOK NUMBER
International Standard Book Number 9789393384010
Terms of availability 205.00
035 #9 - SYSTEM CONTROL NUMBER
System control number EN-126994
037 ## - SOURCE OF ACQUISITION
Source of stock number/acquisition DBAD
082 ## - DEWEY DECIMAL CLASSIFICATION NUMBER
Classification number 881
100 ## - MAIN ENTRY--PERSONAL NAME
Personal name Malik, Sankarsan
245 ## - TITLE STATEMENT
Title Women in Eighteenth Century Oriya Literature /
Statement of responsibility, etc by Sankarsan Malik
260 ## - PUBLICATION, DISTRIBUTION, ETC. (IMPRINT)
Name of publisher, distributor, etc Bluerose Publishers
Date of publication, distribution, etc 2024
270 ## - ADDRESS
Electronic mail address www.bluerosepublishers.com
300 ## - PHYSICAL DESCRIPTION
Extent 152p.
Dimensions 20cm(Hb)
942 ## - ADDED ENTRY ELEMENTS (KOHA)
Source of classification or shelving scheme Dewey Decimal Classification
Item type English Books
Classification part 881
Call number suffix MAL
Holdings
Withdrawn status Lost status Not for loan Collection code Home library Current library Date acquired Source of acquisition Cost, normal purchase price Full call number Barcode Copy number Cost, replacement price Koha item type
      Non-fiction Ashok Vihar Ashok Vihar 21/01/2025 Delivery of Books Act Division 205.00 881 MAL EN-126994 1 205.00 English Books

© Delhi Public Library
Hit Counter
free hit counter